Literatura y política : Jean Paul Sartre /

José Pablo Feinmann nos propone pensar la figura del escritor comprometido a través del desarrollo de los fundamentos filosóficos postulados en la obra de Jean-Paul Sartre.

Guardado en:
Autor Principal: Feinmann, José Pablo
Autor Corporativo: Canal Encuentro.
Formato: Deslizar
Publicado: Argentina, 2013
Series:Filosofía aquí y ahora - Especiales
Materias:
Acceso en línea:https://www.educ.ar/recursos/117386/literatura-y-politica-jean-paul-sartre
Etiquetas: Agregar Etiqueta
Sin Etiquetas, Sea el primero en etiquetar este registro!
LEADER 01236ngm a22003255g 4500
001 CEM.cems023413
008 130507s2013##################0###0#####d
005 20250403150830.0
245 1 0 |a Literatura y política :  |b Jean Paul Sartre /  |c José Pablo Feinmann. 
260 |a Argentina,  |c 2013 
300 |a 28'. 
490 0 |a Filosofía aquí y ahora - Especiales 
538 |a Soporte: DVD - Color: Si - Grabación DRD. 
520 |a José Pablo Feinmann nos propone pensar la figura del escritor comprometido a través del desarrollo de los fundamentos filosóficos postulados en la obra de Jean-Paul Sartre. 
590 |a Identificación anterior registrada en SIABUC: D62F. 
500 |a Consultar en ventanilla. 
100 1 |a Feinmann, José Pablo 
710 2 |a Canal Encuentro. 
082 1 0 |/ FEI-6 
653 |a FILOSOFIA 
653 |a FILOSOFIA AQUI Y AHORA 
653 |a FEINMANN 
653 |a POLITICA 
653 |a LITERATURA 
653 |a SARTRE 
653 |a EXISTENCIALISMO 
653 |a EXISTENCIALISMO ATEO 
653 |a SERIE DE TELEVISIÓN 
856 |u https://www.educ.ar/recursos/117386/literatura-y-politica-jean-paul-sartre 
859 |a CEMS  |b BIB. CEMS - Depto. Recursos Didacticos  |h 100  |i FEI-6  |k DRD  |p 2056.15  |t Ej.1